00303 2200145 4500245002600000250001100026100001300037650001700050650001600067005001900083260001800102041001400120084001400134336000900148 aKuncicSandyanahText aCet. 1 aSandyana aAutobiografi aKarya Siswa a20250522111923 aJakartac2025 aIndonesia a081 SAN k atext